000 00502nam a2200193 a 4500
001 1770284920215
003 YourLibrary
005 20260205152337.0
008 260205s1978##################000#0#eng##
020 _a9780333107324
082 0 4 _a330.156
_bKEY
100 1 _aKeynes, John Maynard,
_eauthor.
245 1 0 _aActivities 1939-1945 :
260 _bMacMillan,
_c1978.
300 _a544 pages
650 0 _aBusiness & Economics.
942 _cENGLISH
040 _aYourLibrary
_beng
_cYourLibrary
999 _c610353
_d610353